| 000 | 00431nam a2200181Ia 4500 | ||
|---|---|---|---|
| 005 | 20250423100522.0 | ||
| 008 | 250422s9999 xx 000 0 und d | ||
| 020 | _a0316897108 | ||
| 050 | _aQC 23 .V25 FT/ | ||
| 100 | _aHeuvelen, Alan van | ||
| 245 | 0 | _aPhysics : a general introduction | |
| 260 | _aBoston | ||
| 260 | _bLittle Brown and Company | ||
| 260 | _c1982 | ||
| 300 | _a747 p | ||
| 650 | _aPhysics. | ||
| 942 | _cBK | ||
| 999 |
_c33554 _d33554 |
||